000 00211 a2200097 4500
001 30564
100 _aBrook
245 _aAspects of Educational Technology
260 _a
_bKogan Page
_c
090 _c20494
_d20494
942 _aNUST-CAE
_cM
_c11663
999 _c265637
_d265637